Представление документа в формате RUSMARC

ПолеНазваниеЗначение
  Тип записи a
  Библиографический уровень m
001 Контрольный номер 4fbc4cb30386493fa4a387fe6c726d33
005 Дата корректировки 20141226140528.5
010 Индекс ISBN __
a ISBN 978-5-222-21500-5
d Цена 255,64
101 Язык документа 0_
a Язык текста rus
102 Страна публикации __
a Страна публикации RU
200 Заглавие и сведения об ответственности 1_
a Заглавие Комплексный экономический анализ хозяйственной деятельности
b Общее обозначение материала Текст
e Сведения, относящиеся к заглавию учебное пособие
f Первые сведения об ответственности Нечитайло А. И., Нечитайло И. А
210 Выходные данные 1_
a Место издания Ростов н/Д
c Издательство Феникс
d Дата издания 2014
215 Физическое описание __
a Объем 366 с.
225 Серия 2_
a Серия Высшее образование
610 Ключевые слова 0_
a Ключевые слова анализ
a Ключевые слова планирование
a Ключевые слова комплексный анализ
a Ключевые слова экономический анализ
a Ключевые слова управление затратами предприятия
a Ключевые слова хозяйственная деятельность
686 Индексы других классификаций __
a Классификационный индекс 65.053
700 Автор _1
a Фамилия Нечитайло А. И.
701 Альтернативная интеллектуальная ответственность _1
a Фамилия Нечитайло И. А.
801 Источник записи _0
a Страна RU
b Организация РУК
g Правила каталогизации PSBO
801 Источник записи _1
a Страна RU
b Организация РУК
g Правила каталогизации PSBO
852 Данные о местонахождении __
i Авторский знак Н 59
j Шифр хранения 65.053
901 Тип документа __
t Тип документа m
937 Технологическая информация __
a Создатель записи (имя) ОрловаЛА
938 Служебная информация __
a Название организации Ижевский филиал
952 Тип литературы __
b Гриф литературы для ВШ гриф
c Вид литературы учебник